000 00415nam a2200169 a 4500
005 20140412111307.0
008 030331s19uu xx 00 eng d
020 _a983-9556-56-8
050 _aER
_bPu96 1993
245 _aPuss in boots.
260 _aMalaysia :
_bMecron,
_c1993.
300 _a1 v. (unp.) ; ill.
650 _aCats--Fiction
650 _aChildren stories
999 _c103733
_d103733